00333nam a2200145Ia 45000030006000000080041000060400015000471000021000622450030000832500006001132600031001193000006001505460014001560050017001700STCL150530s9999 xx 000 0 und d aSTCLcSTCL aVakkam Sukumaran aI N A Hero Vakkam Khadhar a1 bD C Books ; Kottayamc1995 a0 aMalayalam20220125171819.0